La legislación laboral de los Estados Unidos de Norteamérica y Chile: un análisis comparado
-д хадгалсан:
| Үндсэн зохиолч: | |
|---|---|
| Формат: | Ном |
| Хэл сонгох: | испани |
| Хэвлэсэн: |
Santiago
OIT
2003
|
| Нөхцлүүд: | |
| Шошгууд: |
Шошго нэмэх
Шошго байхгүй, Энэхүү баримтыг шошголох эхний хүн болох!
|
MARC
| LEADER | 00000nam a2200000 a 4500 | ||
|---|---|---|---|
| 001 | UCL2811 | ||
| 003 | CL-VaPUC | ||
| 008 | 031107e20030000CL |||||||||||||||||spa|d | ||
| 020 | |a 9223136970 | ||
| 082 | 0 | 4 | |a 344.01 |b WAL |2 21 |
| 100 | 0 | |a Walker Errázuriz, Francisco |e author |9 479929 | |
| 245 | 1 | 3 | |a La legislación laboral de los Estados Unidos de Norteamérica y Chile: un análisis comparado |
| 300 | |a 155 p | ||
| 942 | |c BK | ||
| 945 | |d 20031107 00:00:00 |a cmena | ||
| 260 | |a Santiago |b OIT |c 2003 | ||
| 650 | 7 | |a DERECHO LABORAL |2 CL-VaPUC |9 15 | |
| 650 | 0 | |a Derecho comparado |9 255664 | |
| 650 | 0 | |a Negociación colectiva |9 312433 | |
| 650 | 7 | |a DISCRIMINACION LABORAL |2 CL-VaPUC |9 410817 | |
| 651 | 7 | |a CHILE |2 CL-VaPUC |9 479930 | |
| 651 | 0 | |a Estados Unidos |9 255178 | |
| 583 | |a last modification |c 20170724 12:58:47 |k Rodrigo Vera | ||
| 999 | |c 305993 |d 305991 | ||
| 952 | |0 0 |1 0 |4 0 |6 344_010000000000000_WAL_2003 |7 0 |8 A |9 370623 |a BIBDER |b BIBDER |d 2019-11-21 |i 3950840 |o 344.01 WAL 2003 |p 3950840 |r 2023-01-25 |w 2019-11-21 |y BK |k DER | ||